Logo CIB grande

Fundamentals of fluid mechanics (Registro nro. 237408)

Detalles MARC
000 -LEADER
campo de control de longitud fija 00518nam a2200181Ia 4500
005 - FECHA Y HORA DE LA ÚLTIMA TRANSACCIÓN
campo de control 20250425162832.0
008 - DATOS DE LONGITUD FIJA--INFORMACIÓN GENERAL
campo de control de longitud fija 250425s9999 xx 000 0 und d
020 ## - NÚMERO INTERNACIONAL ESTÁNDAR DEL LIBRO
Número Internacional Estándar del Libro 9781119080701
082 ## - NÚMERO DE LA CLASIFICACIÓN DECIMAL DEWEY
Número de clasificación 620.106
Iniciales del Autor GER
010 ## - NÚMERO DE CONTROL DE LA BIBLIOTECA DEL CONGRESO
Número de control de LC 111770
100 ## - ENTRADA PRINCIPAL--NOMBRE DE PERSONA
Nombre de persona Gerhart, Philip M.
245 #0 - MENCIÓN DEL TÍTULO
Título Fundamentals of fluid mechanics
Mención de responsabilidad, etc. / Philip M. Gerhart; Andrew L. Gerhart; John I. Hochstein
250 ## - MENCION DE EDICION
Mención de edición 8th ed.
260 ## - PUBLICACIÓN, DISTRIBUCIÓN, ETC.
Lugar de publicación, distribución, etc. Hoboken
Nombre del editor, distribuidor, etc. : John Wiley
Fecha de publicación, distribución, etc. , 2016
300 ## - DESCRIPCIÓN FÍSICA
Extensión 777 páginas
650 ## - PUNTO DE ACCESO ADICIONAL DE MATERIA--TÉRMINO DE MATERIA
Término de materia o nombre geográfico como elemento de entrada Mecánica de fluidos
942 ## - ELEMENTOS DE ENTRADA SECUNDARIOS (KOHA)
Tipo de ítem Koha Libros
Existencias
Estatus retirado Estado de pérdida Estado de daño No para préstamo Biblioteca de origen Biblioteca actual Ubicación en estantería Fecha de adquisición Coste, precio normal de compra Etiqueta RFID Total de préstamos Código de barras Visto por última vez Fecha del último préstamo Copia número Tipo de ítem Koha Nota pública
        CENTRO DE INFORMACIÓN BIBLIOTECARIA CENTRO DE INFORMACIÓN BIBLIOTECARIA   17/06/2022 130.00 0000000000000000035596 1 80641 08/09/2025 05/08/2025 1 Libros Compra-Cladeli
        CENTRO DE INFORMACIÓN BIBLIOTECARIA CENTRO DE INFORMACIÓN BIBLIOTECARIA   17/06/2022 130.00 0000000000000000035595   80642     2 Libros Compra-Cladeli
        CENTRO DE INFORMACIÓN BIBLIOTECARIA CENTRO DE INFORMACIÓN BIBLIOTECARIA   17/06/2022 130.00 0000000000000000035597   80643     3 Libros Compra Cladeli
        CENTRO DE INFORMACIÓN BIBLIOTECARIA CENTRO DE INFORMACIÓN BIBLIOTECARIA   17/06/2022 130.00 0000000000000000035594   80644     4 Libros Compra-Cladeli
        CENTRO DE INFORMACIÓN BIBLIOTECARIA CENTRO DE INFORMACIÓN BIBLIOTECARIA   17/06/2022 130.00 0000000000000000035593   80645     5 Libros Compra-Cladeli
        CENTRO DE INFORMACIÓN BIBLIOTECARIA CENTRO DE INFORMACIÓN BIBLIOTECARIA   17/06/2022 130.00 0000000000000000035592   80646     6 Libros  
        CENTRO DE INFORMACIÓN BIBLIOTECARIA CENTRO DE INFORMACIÓN BIBLIOTECARIA   17/06/2022 130.00 0000000000000000035591   80647     7 Libros  
        CENTRO DE INFORMACIÓN BIBLIOTECARIA CENTRO DE INFORMACIÓN BIBLIOTECARIA   17/06/2022 130.00 0000000000000000035956   80648     8 Libros  
        CENTRO DE INFORMACIÓN BIBLIOTECARIA CENTRO DE INFORMACIÓN BIBLIOTECARIA   17/06/2022 130.00 0000000000000000035590   80649     9 Libros  
        CENTRO DE INFORMACIÓN BIBLIOTECARIA CENTRO DE INFORMACIÓN BIBLIOTECARIA   17/06/2022 130.00 0000000000000000035589   80650     10 Libros  
        CENTRO DE INFORMACIÓN BIBLIOTECARIA CENTRO DE INFORMACIÓN BIBLIOTECARIA   17/06/2022 130.00 0000000000000000035588   80651     11 Libros  
        CENTRO DE INFORMACIÓN BIBLIOTECARIA CENTRO DE INFORMACIÓN BIBLIOTECARIA   17/06/2022 130.00 0000000000000000035587   80652     12 Libros Compra-Cladeli
        CENTRO DE INFORMACIÓN BIBLIOTECARIA CENTRO DE INFORMACIÓN BIBLIOTECARIA   17/06/2022 130.00     164270     13    

Copyright 2025 ESPOL. Todos los derechos reservados.